00697nam a22001817a 450000500170000000800410001702000150005802000150007305000250008810000700011324500450018326000420022830000260027049000230029650400340031950501140035365000480046720211104102948.0170210b nyu||||| |||| 00| 0 eng d a0345272595 a034527260904aPR6039.O32bT65 19731 a Tolkien, J. R. R. d1892-1973eaut.q Tolkien, John Ronald Reuel14aThe Lord of the king /cJ. R. R. Tolkien aNew York : bBallantine Books, c1973 a3 v. :bil. ;c21 cm. 0aBallantine/Fantasy aIncluye apéndice e índice1 aContenido : V.1 part I The fellowship of the ring -- V.2 part II The two towers -- V.3 The return of the king 72LembaLiteratura inglesavLibros de lectura